000 00522nam a2200181Ia 4500
005 20250508150604.0
008 008 250505s9999 xx 000 0 eng d
037 _aBooks to be hide in OPAC
040 _aFEDL
_beng
_cFEDL
041 _aeng
_2eng
084 _a428, WES/O
_qFEDL
100 _aWeston W J
_9641569
245 0 _aRefresher course in punctuation and spelling
260 _aLondon, UK
_bGeorge Newnes Limited
_c1947
300 _a176p.
942 _cHB
_h428, WES/O
999 _c1324429
_d1324429